[Event "Sachsen-Anhalt-ch Seniors 19th"]
[Site "Osterburg"]
[Date "2011.06.09"]
[Round "6"]
[White "Timm, Christian"]
[Black "Reimann, Hubert"]
[Result "0-1"]
[WhiteElo "1402"]
[BlackElo "1833"]
[PlyCount "52"]
[EventDate "2011.06.05"]
[EventType "swiss"]
[EventRounds "7"]
[EventCountry "GER"]
[SourceTitle "EXT 2013"]
[Source "ChessBase"]
[SourceDate "2012.11.22"]
[SourceVersion "1"]
[SourceVersionDate "2012.11.22"]
[SourceQuality "1"]

1. e4 c5 2. Nf3 d6 3. c3 Nf6 4. e5 dxe5 5. Nxe5 e6 6. Bb5+ Nbd7 7. d3 Be7 8. Nd2 a6 9. Nxd7 Nxd7 10. Bxd7+ Bxd7 11. 0-0 Bc6 12. Qg4 Qd5 13. Nc4 h5 14. Qh3 Rd8 15. Bf4 Qxd3 16. Qxd3 Rxd3 17. Rad1 Rxd1 18. Rxd1 0-0 19. Bc7 Bd5 20. Bd6 Bxd6 21. Nxd6 b5 22. a3 g6 23. Rd2 Kg7 24. f3 f5 25. Kf2 Kf6 26. f4 Ke7 0-1